[Event "31st ECC Women 2015"]
[Site "Skopje MKD"]
[Date "2015.10.19"]
[Round "2.3"]
[Board "2"]
[White "De Jong-Muhren, Bianca"]
[Black "Mkrtchian, Lilit"]
[Result "1/2-1/2"]
[WhiteTitle "WGM"]
[BlackTitle "IM"]
[WhiteElo "2300"]
[BlackElo "2445"]
[WhiteTeam "DE STUKKENJAGERS (NED)"]
[BlackTeam "UGRA (RUS)"]
[WhiteFideId "1008498"]
[BlackFideId "13300601"]
[EventDate "2015.10.18"]

1. e4 e5 2. Nf3 Nc6 3. Nc3 Nf6 4. Bb5 Bd6 5. a3 a6 6. Bc4 Bc5 7. d3 d6 8. Be3
Nd4 9. Bxd4 exd4 10. Nd5 c6 11. Nxf6+ Qxf6 12. Qd2 Be6 13. O-O O-O 14. Bxe6 fxe6
15. Qg5 e5 16. Qxf6 Rxf6 17. Nd2 Raf8 18. g3 R8f7 19. Kg2 Kf8 20. f3 Ke7 21. Rf2
Rf8 22. Rff1 Kd7 23. Rf2 R6f7 24. Rff1 Rf6 25. Rf2 R6f7 26. Rff1 Rf6 27. Rf2 1/2-1/2

[Event "31st ECC Women 2015"]
[Site "Skopje MKD"]
[Date "2015.10.19"]
[Round "2.3"]
[Board "3"]
[White "Guseva, Marina"]
[Black "Lanchava, Tea"]
[Result "1-0"]
[WhiteTitle "IM"]
[BlackTitle "IM"]
[WhiteElo "2411"]
[BlackElo "2276"]
[WhiteTeam "UGRA (RUS)"]
[BlackTeam "DE STUKKENJAGERS (NED)"]
[WhiteFideId "4149351"]
[BlackFideId "1005308"]
[EventDate "2015.10.18"]

1. d4 d6 2. e4 g6 3. Nc3 a6 4. Nf3 b5 5. Bd3 Bb7 6. a4 b4 7. Ne2 c5 8. b3 Bg7 9.
Bb2 Nd7 10. O-O Ngf6 11. d5 O-O 12. Ng3 Re8 13. Rb1 Nb6 14. c4 bxc3 15. Bxc3 a5
16. Bb5 Rf8 17. Re1 h6 18. Qd2 Nc8 19. Rbd1 Ra7 20. h3 Kh7 21. Bc4 Nd7 22. Bxg7
Kxg7 23. e5 Ndb6 24. h4 dxe5 25. Nxe5 Nd6 26. Qe3 Qc8 27. h5 Ba8 28. Qc3 Kh7 29.
hxg6+ fxg6 30. Qc2 Nf5 31. Nxg6 Kxg6 32. Re6+ Kf7 33. Qxf5+ Ke8 34. Qg6+ Kd8 35.
Rxb6 1-0

[Event "31st ECC Women 2015"]
[Site "Skopje MKD"]
[Date "2015.10.19"]
[Round "2.3"]
[Board "4"]
[White "Jap Tjoen San, Linda"]
[Black "Kovanova, Baira"]
[Result "0-1"]
[WhiteTitle "WIM"]
[BlackTitle "WGM"]
[WhiteElo "2183"]
[BlackElo "2376"]
[WhiteTeam "DE STUKKENJAGERS (NED)"]
[BlackTeam "UGRA (RUS)"]
[WhiteFideId "1004026"]
[BlackFideId "4164083"]
[EventDate "2015.10.18"]

1. e4 e5 2. Nf3 Nc6 3. Bb5 a6 4. Ba4 Nf6 5. O-O Be7 6. Re1 b5 7. Bb3 d6 8. c3
O-O 9. h3 Na5 10. Bc2 c5 11. d4 Nd7 12. Nbd2 exd4 13. cxd4 Re8 14. Nf1 Nc6 15.
d5 Nce5 16. a4 b4 17. Ng3 Nxf3+ 18. Qxf3 Ne5 19. Qh5 g6 20. Qd1 Bf6 21. Ra2 a5
22. b3 c4 23. f4 cxb3 24. Bxb3 Nd7 25. Rc2 Ba6 26. Be3 Bh4 27. Bf2 Nc5 28. Rxc5
dxc5 29. Qf3 c4 30. Bc2 c3 31. Kh2 Bc4 32. f5 Rc8 33. fxg6 hxg6 34. Bd4 Bxd5 35.
Nf5 gxf5 36. Qh5 Bf6 37. Re3 Bxd4 38. Rg3+ Bg7 39. Qh6 Kf8 40. Qxg7+ Ke7 41.
Qe5+ Be6 42. exf5 Qd6 43. f6+ Kd7 44. Qb5+ Kd8 45. Qxa5+ Rc7 46. Be4 c2 47. Bxc2
Rg8 0-1

[Event "31st ECC Women 2015"]
[Site "Skopje MKD"]
[Date "2015.10.19"]
[Round "2.4"]
[Board "1"]
[White "Socko, Monika"]
[Black "Len, Irina"]
[Result "1-0"]
[WhiteTitle "GM"]
[BlackTitle "WFM"]
[WhiteElo "2443"]
[BlackElo "2127"]
[WhiteTeam "ASD CIRCOLO SCACCHI R.FISCHER CHIETI (IT"]
[BlackTeam "HEZLIYA CHESS CLUB (ISR)"]
[WhiteFideId "1106619"]
[BlackFideId "2805715"]
[EventDate "2015.10.18"]
[EventType "team"]

1. e4 d5 2. exd5 Qxd5 3. Nc3 Qd6 4. d4 a6 5. Nf3 Nf6 6. g3 Bg4 7. Bg2 Nc6 8. O-O
O-O-O 9. d5 Ne5 10. Bf4 Nxf3+ 11. Bxf3 Bxf3 12. Qxf3 Qd7 13. Rad1 Qh3 14. Rfe1
h5 15. Ne4 h4 16. Ng5 Qf5 17. Nxf7 hxg3 18. Nxh8 gxh2+ 19. Kh1 g5 20. Nf7 g4 21.
Qe3 Nxd5 22. c4 1-0

[Event "31st ECC Women 2015"]
[Site "Skopje MKD"]
[Date "2015.10.19"]
[Round "2.4"]
[Board "2"]
[White "Yakovleva, Tatiana"]
[Black "Zimina, Olga"]
[Result "0-1"]
[BlackTitle "IM"]
[WhiteElo "1966"]
[BlackElo "2378"]
[WhiteTeam "HEZLIYA CHESS CLUB (ISR)"]
[BlackTeam "ASD CIRCOLO SCACCHI R.FISCHER CHIETI (IT"]
[WhiteFideId "2802449"]
[BlackFideId "4132190"]
[EventDate "2015.10.18"]
[EventType "team"]

1. d4 d5 2. c4 e6 3. Nf3 c6 4. e3 Nf6 5. Nc3 Nbd7 6. Bd3 dxc4 7. Bxc4 b5 8. Bd3
Bb7 9. O-O a6 10. b3 c5 11. Bb2 Bd6 12. Rc1 O-O 13. Qe2 Qb6 14. Rfd1 Rac8 15. h3
h6 16. Bb1 Rfd8 17. dxc5 Nxc5 18. b4 Ncd7 19. a3 Ne5 20. Nd2 Nc4 21. Nxc4 Rxc4
22. e4 Bf4 23. Rxd8+ Qxd8 24. Rd1 Qc7 25. e5 Nd7 26. Qd3 Nf8 27. Ba2 Qc6 28. f3
Qb6+ 29. Kh1 Qf2 30. Ne2 Rc2 31. Nxf4 Rxb2 32. Bb1 g5 33. Rf1 Qg3 34. Ne2 Qxe5
35. Bc2 Ng6 36. Kg1 Bd5 37. Rd1 Bc4 38. Qd8+ Kg7 39. Nd4 Nf4 40. Be4 Nxh3+ 41.
Kh1 Nf2+ 42. Kg1 Nxd1 43. Nc6 Qg3 44. Qd4+ e5 0-1

[Event "31st ECC Women 2015"]
[Site "Skopje MKD"]
[Date "2015.10.19"]
[Round "2.4"]
[Board "3"]
[White "Gueci, Tea"]
[Black "Haitovich, Avital"]
[Result "1/2-1/2"]
[WhiteTitle "WFM"]
[WhiteElo "2110"]
[BlackElo "1929"]
[WhiteTeam "ASD CIRCOLO SCACCHI R.FISCHER CHIETI (IT"]
[BlackTeam "HEZLIYA CHESS CLUB (ISR)"]
[WhiteFideId "872342"]
[BlackFideId "2800306"]
[EventDate "2015.10.18"]
[EventType "team"]

1. e4 c5 2. Nf3 d6 3. d4 cxd4 4. Nxd4 Nf6 5. Nc3 g6 6. Be3 Bg7 7. Bc4 O-O 8. f3
Nc6 9. Bb3 Bd7 10. h4 Nxd4 11. Bxd4 b5 12. h5 a5 13. hxg6 hxg6 14. Nd5 e6 15.
Bb6 Qe8 16. Nc7 Qb8 17. Nxa8 a4 18. e5 Ne8 19. Qd4 Qxa8 20. Qh4 f6 21. exf6 Nxf6
22. O-O axb3 23. axb3 Qc6 24. Bd4 e5 25. Be3 Nd5 26. Bh6 Qc5+ 27. Rf2 Nf4 28.
Bxg7 Kxg7 29. Rd1 Rf7 30. Rd2 b4 31. Kh2 d5 32. g4 e4 33. fxe4 dxe4 34. Rxf4 Qe5
35. g5 Qxf4+ 36. Qxf4 Rxf4 37. Rxd7+ Kf8 38. Rd4 Rf2+ 39. Kg3 e3 40. Rxb4 Rxc2
41. Kf3 e2 42. Kf2 Rxb2 43. Rb7 Kg8 44. b4 Kf8 45. b5 Kg8 46. b6 Kf8 47. Rb8+
Kg7 48. b7 Kh7 49. Ke1 Kg7 50. Kf2 Kh7 51. Ke1 1/2-1/2

[Event "31st ECC Women 2015"]
[Site "Skopje MKD"]
[Date "2015.10.19"]
[Round "2.4"]
[Board "4"]
[White "Lian, Marina"]
[Black "Di Primio, Eugenia"]
[Result "1/2-1/2"]
[WhiteElo "1858"]
[BlackElo "1948"]
[WhiteTeam "HEZLIYA CHESS CLUB (ISR)"]
[BlackTeam "ASD CIRCOLO SCACCHI R.FISCHER CHIETI (IT"]
[WhiteFideId "2809680"]
[BlackFideId "821942"]
[EventDate "2015.10.18"]
[EventType "team"]

1. e4 c5 2. Nc3 e6 3. f4 a6 4. Nf3 d5 5. d3 Nc6 6. g3 g6 7. Bg2 Bg7 8. O-O Nge7
9. a4 O-O 10. h3 Rb8 11. g4 f5 12. e5 d4 13. Ne2 Nd5 14. g5 b5 15. axb5 axb5 16.
h4 h5 17. gxh6 Bxh6 18. Ng5 Bxg5 19. hxg5 Kg7 20. Kf2 Rh8 21. Rh1 Bb7 22. Bd2
Qb6 23. c4 bxc4 24. dxc4 Ndb4 25. Bxb4 Nxb4 26. Rxh8 Rxh8 27. Qa4 Rh2 28. Qd7+
Kf8 29. Rg1 Qc6 30. Qxc6 Bxc6 31. Kg3 Rxg2+ 32. Rxg2 Bxg2 33. Kxg2 Nc2 34. Kf2
Ne3 35. b3 Ke7 36. Nc1 Kd7 37. Nd3 Kc6 38. Ke2 Kb6 39. Kd2 Nf1+ 40. Kc2 Ne3+ 41.
Kb2 Nd1+ 42. Ka3 Ne3 43. Kb2 Nd1+ 44. Ka2 Nc3+ 45. Ka3 Nb1+ 46. Kb2 Nd2 47. Ne1
Ne4 48. Nf3 Nf2 49. Ne1 Ka5 50. Kc1 Kb4 51. Kb2 d3 52. Nf3 Nh3 53. Nd2 Nxf4 54.
Nf3 Ne2 55. Ne1 Nf4 56. Nf3 d2 57. Nxd2 Nd3+ 58. Kc2 Nxe5 59. Kb2 Nf7 60. Nf3 e5
61. Nh4 Nxg5 62. Nxg6 e4 63. Ne7 Ka5 64. Nxf5 Ne6 65. Kc3 Nf4 66. Ne3 Ne2+ 67.
Kd2 Nd4 68. Kc3 Ne2+ 69. Kd2 Nd4 70. Kc3 1/2-1/2

[Event "31st ECC Women 2015"]
[Site "Skopje MKD"]
[Date "2015.10.19"]
[Round "2.5"]
[Board "1"]
[White "Efroimski, Marsel"]
[Black "Stetsko, Lanita"]
[Result "1-0"]
[WhiteTitle "WIM"]
[BlackTitle "FM"]
[WhiteElo "2255"]
[BlackElo "2278"]
[WhiteTeam "RISHON LEZION (ISR)"]
[BlackTeam "BOSSA NOVA (BLR)"]
[WhiteFideId "2810964"]
[BlackFideId "13505300"]
[EventDate "2015.10.18"]
[EventType "team"]

1. e4 e5 2. Nf3 Nc6 3. Nc3 Nf6 4. Bb5 Bd6 5. O-O O-O 6. d3 h6 7. a3 Re8 8. Be3
a6 9. Ba4 Bf8 10. Nd5 d6 11. c4 Bd7 12. h3 Nxd5 13. cxd5 Ne7 14. Rc1 b5 15. Bb3
c5 16. dxc6 Nxc6 17. Bd5 Rc8 18. Qd2 Qf6 19. Nh2 Nd4 20. Bxd4 exd4 21. f4 Rc5
22. Ng4 Bxg4 23. hxg4 Qh4 24. g5 Qg4 25. Qd1 Qxd1 26. Rcxd1 g6 27. f5 gxf5 28.
Rxf5 Re5 29. Rxe5 dxe5 30. g6 Kg7 31. gxf7 Rc2 32. b3 a5 33. a4 bxa4 34. bxa4
Rc3 35. Bc4 Ra3 36. Rf1 Rxa4 37. Rf3 Ra1+ 38. Kh2 a4 39. Rg3+ Kf6 40. Rg8 Ke7
41. Rg6 a3 42. Ra6 Rf1 43. Ra8 Bg7 44. Re8+ Kd7 45. Rg8 1-0

[Event "31st ECC Women 2015"]
[Site "Skopje MKD"]
[Date "2015.10.19"]
[Round "2.5"]
[Board "3"]
[White "Federovski, Adi"]
[Black "Bogdan, Ekaterina"]
[Result "0-1"]
[WhiteElo "1913"]
[BlackElo "2064"]
[WhiteTeam "RISHON LEZION (ISR)"]
[BlackTeam "BOSSA NOVA (BLR)"]
[WhiteFideId "2813777"]
[BlackFideId "13502638"]
[EventDate "2015.10.18"]
[EventType "team"]

1. e4 e6 2. Nf3 d5 3. Nc3 Nf6 4. e5 Nfd7 5. d4 c5 6. dxc5 Nc6 7. Bf4 Nxc5 8. Bd3
Be7 9. Qe2 Bd7 10. h3 a6 11. a3 Rc8 12. O-O Qb6 13. Rab1 Nxd3 14. Qxd3 Na5 15.
Nh2 O-O 16. Qg3 Kh8 17. Rfc1 Nc4 18. Ng4 Qd8 19. Ne2 f5 20. exf6 gxf6 21. Rd1
Rg8 22. Qf3 Qe8 23. Ng3 Qg6 24. Nh6 Rgf8 25. Qe2 Bd6 26. Bxd6 Nxd6 27. Ng4 Rxc2
28. Qf3 Nc4 29. Rbc1 Rxc1 30. Rxc1 Bc6 31. b3 Nxa3 32. h4 d4 33. Qf4 Rg8 34. Nh6
e5 35. Qd2 Re8 36. h5 Qg7 37. Nhf5 Qg5 38. Qb2 Nb5 39. Re1 Nc3 40. Nd6 Re7 41.
Ndf5 Rd7 42. Qa3 Kg8 43. Qc5 Kf7 44. Nd6+ Ke6 45. Ndf5 Qd2 46. Rf1 Ne2+ 47. Nxe2
Qxe2 48. Ng3 Qg4 49. Qc4+ Ke7 50. Qc5+ Ke8 51. Qc1 d3 52. Qd2 Qg5 53. Rd1 Rd4
54. b4 Qxd2 55. Rxd2 e4 0-1

[Event "31st ECC Women 2015"]
[Site "Skopje MKD"]
[Date "2015.10.19"]
[Round "2.5"]
[Board "4"]
[White "Kaliadzich, Maryia"]
[Black "Vardi, Shlomit"]
[Result "1-0"]
[WhiteElo "2096"]
[BlackElo "1906"]
[WhiteTeam "BOSSA NOVA (BLR)"]
[BlackTeam "RISHON LEZION (ISR)"]
[WhiteFideId "13500015"]
[BlackFideId "2801442"]
[EventDate "2015.10.18"]
[EventType "team"]

1. d4 Nf6 2. c4 g6 3. Nc3 Bg7 4. Bg5 d6 5. e3 O-O 6. Be2 Nbd7 7. Qc2 c6 8. Nf3
Re8 9. Bh4 e5 10. O-O Qe7 11. Rad1 h6 12. dxe5 dxe5 13. Nd2 g5 14. Bg3 Rf8 15.
f4 g4 16. Kh1 Nh5 17. Bxg4 Nxg3+ 18. hxg3 f5 19. Bxf5 Rxf5 20. Qxf5 exf4 21.
exf4 Nf6 22. Qg6 Be6 23. Rfe1 Qf7 24. Qxf7+ Kxf7 25. Nde4 Ng4 26. Rd2 Bf8 27. c5
Re8 28. Nd6+ Bxd6 29. Rxd6 Re7 30. Kg1 Re8 31. Rd4 Rg8 32. Ne4 Bd5 33. Nd6+ Kf6
34. Nxb7 Rb8 35. f5 Kxf5 36. Rf4+ Kg5 37. Re7 h5 38. b4 Bxa2 39. Nd6 Bd5 40.
Rg7+ 1-0

[Event "31st ECC Women 2015"]
[Site "Skopje MKD"]
[Date "2015.10.19"]
[Round "2.6"]
[Board "1"]
[White "Srebrnic, Ana"]
[Black "Dolzhikova, Olga"]
[Result "1/2-1/2"]
[WhiteTitle "WGM"]
[BlackTitle "WGM"]
[WhiteElo "2234"]
[BlackElo "2143"]
[WhiteTeam "MIDLAND MONARCHS (ENG)"]
[BlackTeam "OSLO SCHAKSELSKAP (NOR)"]
[WhiteFideId "14603314"]
[BlackFideId "14105870"]
[EventDate "2015.10.18"]
[EventType "team"]

1. d4 Nf6 2. Nc3 d5 3. Bf4 c6 4. e3 g6 5. Bd3 Bg7 6. Nf3 O-O 7. O-O Qb6 8. Na4
Qa5 9. Nc5 Nh5 10. c3 Nxf4 11. exf4 Qc7 12. Qd2 b6 13. Nb3 e6 14. Rfe1 Nd7 15.
Qe3 c5 16. Nbd2 Nf6 17. Ne5 Ne8 18. h4 f6 19. Nef3 Nd6 20. h5 c4 21. Bc2 Nf5 22.
Bxf5 gxf5 23. Nh4 Bh6 24. g3 Kh8 25. Qf3 Rg8 26. Kh1 Bd7 27. Re3 b5 28. Rae1
Rab8 29. a3 Qd6 30. Qe2 a5 31. Rxe6 Bxe6 32. Qxe6 Qxe6 33. Rxe6 Bg7 34. Nxf5
Rge8 35. Ra6 Ra8 36. Rd6 Red8 37. Rb6 b4 38. axb4 axb4 39. cxb4 Rab8 40. Rxb8
Rxb8 41. Ne3 Rb5 42. b3 cxb3 43. Nxb3 Rxb4 44. Nc5 f5 45. Nxd5 Rb1+ 46. Kg2 Bxd4
47. Ne6 Ba7 48. Ne3 Re1 49. h6 Bxe3 50. fxe3 Rxe3 51. Nd4 Kg8 52. Nxf5 Ra3 53.
g4 Kf7 54. g5 Kg6 55. Ng3 Ra5 56. Kf3 Rxg5 57. fxg5 Kxg5 58. Ne4+ Kxh6 59. Nf6
Kg6 60. Nxh7 Kxh7 1/2-1/2

[Event "31st ECC Women 2015"]
[Site "Skopje MKD"]
[Date "2015.10.19"]
[Round "2.6"]
[Board "2"]
[White "Reppen, Ellisiv"]
[Black "Dengler, Dijana"]
[Result "1-0"]
[BlackTitle "WFM"]
[WhiteElo "2050"]
[BlackElo "2075"]
[WhiteTeam "OSLO SCHAKSELSKAP (NOR)"]
[BlackTeam "MIDLAND MONARCHS (ENG)"]
[WhiteFideId "1504959"]
[BlackFideId "14400081"]
[EventDate "2015.10.18"]
[EventType "team"]

1. e4 e6 2. d4 d5 3. Nc3 Bb4 4. e5 Ne7 5. Nf3 c5 6. Bd2 Nbc6 7. Nb5 Bxd2+ 8.
Qxd2 O-O 9. c3 cxd4 10. cxd4 f6 11. exf6 Rxf6 12. Bd3 Nf5 13. Bc2 Qb6 14. Bxf5
exf5 15. Nc3 Be6 16. O-O h6 17. Rfe1 Rd8 18. Rac1 f4 19. Na4 Qc7 20. b4 a6 21.
Ne5 Qd6 22. Nc5 Bc8 23. a3 Ne7 24. Rc3 Rdf8 25. Qc1 Rf5 26. Nb3 Qf6 27. Rc7 f3
28. Ng4 Qg5 29. Rexe7 Qxg4 30. g3 Rg5 31. Qf1 Qh5 32. Nc5 Bh3 33. Qe1 Bg2 34. h4
Rxg3 35. fxg3 f2+ 36. Kh2 Be4 37. Rxg7+ Kh8 38. Nxe4 f1=N+ 39. Kg1 Rf3 40. Rh7+
Kg8 41. Rhg7+ Kh8 42. g4 1-0

[Event "31st ECC Women 2015"]
[Site "Skopje MKD"]
[Date "2015.10.19"]
[Round "2.6"]
[Board "3"]
[White "Manelidou, Maria"]
[Black "Johnsen, Sylvia"]
[Result "1-0"]
[BlackTitle "WFM"]
[WhiteElo "2074"]
[BlackElo "1999"]
[WhiteTeam "MIDLAND MONARCHS (ENG)"]
[BlackTeam "OSLO SCHAKSELSKAP (NOR)"]
[WhiteFideId "4212240"]
[BlackFideId "1500988"]
[EventDate "2015.10.18"]
[EventType "team"]

1. e4 e5 2. d4 exd4 3. Qxd4 Nc6 4. Qe3 Qf6 5. Nc3 Bb4 6. Bd2 Nge7 7. O-O-O Bxc3
8. Bxc3 Qg6 9. f4 f6 10. Nf3 b6 11. Bc4 h5 12. e5 Bb7 13. Nh4 Qh6 14. exf6 gxf6
15. Nf5 Qf8 16. Rhe1 Rh7 17. Qd3 d5 18. Nxe7 Rxe7 19. Qxd5 1-0

[Event "31st ECC Women 2015"]
[Site "Skopje MKD"]
[Date "2015.10.19"]
[Round "2.6"]
[Board "4"]
[White "Tangelder, Yonne"]
[Black "Keen, Cosima"]
[Result "1-0"]
[WhiteElo "1904"]
[BlackElo "1986"]
[WhiteTeam "OSLO SCHAKSELSKAP (NOR)"]
[BlackTeam "MIDLAND MONARCHS (ENG)"]
[WhiteFideId "1513575"]
[BlackFideId "423050"]
[EventDate "2015.10.18"]
[EventType "team"]

1. f4 d5 2. Nf3 Nf6 3. g3 c6 4. Bg2 Bf5 5. O-O h6 6. d3 Qb6+ 7. e3 e6 8. Nc3 Be7
9. Ne5 O-O 10. Kh1 Rd8 11. g4 Bh7 12. g5 Nfd7 13. Nxd7 Nxd7 14. gxh6 gxh6 15.
Qh5 Bf8 16. e4 d4 17. Nd1 Nf6 18. Qh4 Bg7 19. f5 exf5 20. Bxh6 Bxh6 21. Qxh6 Ng4
22. Qf4 Kh8 23. Bh3 c5 24. exf5 Nf6 25. Nf2 Rg8 26. Ne4 Nxe4 27. dxe4 Rae8 28.
Rg1 f6 29. b3 Qa6 30. Rxg8+ Rxg8 31. Bf1 Qc6 32. Bc4 Rg5 33. Bd5 Qe8 34. Qd6 Qh5
35. Qxf6+ Rg7 36. e5 Qxf5 37. Qxf5 Bxf5 38. e6 Bxc2 39. Rf1 d3 40. Be4 Re7 41.
Bf5 b5 42. Kg2 Kg7 43. Kf3 Kf6 44. Ke3 Ke5 45. Bxd3 Bxd3 46. Kxd3 a6 47. Re1+
Kf5 48. Re2 Kf6 49. Re4 Kg7 50. Re5 Kf8 51. h4 Rc7 52. h5 c4+ 53. bxc4 Rxc4 54.
Re4 Rc6 55. h6 Ke7 56. Kd4 Rc8 57. Kd5 Rh8 58. Rh4 a5 59. h7 b4 60. Rh6 a4 61.
Kc4 b3 62. axb3 axb3 63. Kxb3 Kf8 64. Kc4 Kg7 65. Rh1 Kf6 66. Kd5 Ke7 67. Ke5
Ke8 68. Kd6 Kd8 69. e7+ Ke8 70. Rf1 Rxh7 71. Rf8# 1-0

[Event "31st ECC Women 2015"]
[Site "Skopje MKD"]
[Date "2015.10.20"]
[Round "3.2"]
[Board "3"]
[White "Girya, Olga"]
[Black "Mkrtchian, Lilit"]
[Result "1/2-1/2"]
[WhiteTitle "WGM"]
[BlackTitle "IM"]
[WhiteElo "2464"]
[BlackElo "2445"]
[WhiteTeam "SHSM LEGACY SQUARE (RUS)"]
[BlackTeam "UGRA (RUS)"]
[WhiteFideId "4195752"]
[BlackFideId "13300601"]
[EventDate "2015.10.18"]

1. d4 Nf6 2. c4 e6 3. Nf3 Bb4+ 4. Bd2 a5 5. Qc2 d6 6. e4 Qe7 7. Bd3 e5 8. a3
Bxd2+ 9. Nbxd2 O-O 10. O-O c5 11. d5 Nh5 12. g3 Qf6 13. Kg2 Qh6 14. Nh4 Nf4+ 15.
gxf4 Qxh4 16. f5 Nd7 17. Rae1 Nf6 18. Re3 Nh5 19. Kh1 g6 20. Qd1 Kh8 21. Rg1 Nf4
22. Qf3 Bd7 23. Bc2 Rg8 24. Qg3 Qf6 25. Qg5 Qxg5 26. Rxg5 Kg7 27. fxg6 hxg6 28.
Rgg3 b5 29. cxb5 Bxb5 30. a4 Ba6 31. b3 Rgb8 32. Rg1 Rb4 33. Rb1 Rab8 34. Rc3
Ne2 35. Re3 Nd4 36. Bd1 c4 37. Rc3 cxb3 38. Bxb3 Be2 39. Re1 Nxb3 40. Nxb3 Rxb3
41. Rxb3 Rxb3 42. Rxe2 Rb4 43. f3 Rxa4 44. Rc2 Rd4 45. Rc6 f5 46. Rxd6 fxe4 47.
fxe4 Rxe4 48. Ra6 a4 49. Kg2 Rd4 50. Kf3 Kh6 51. d6 Kg5 52. d7 Rxd7 53. Rxa4 Kf5
54. Rb4 Rd2 55. Kg3 Rd3+ 56. Kf2 e4 57. Rb8 g5 58. Re8 Kf4 59. Rf8+ Kg4 60. Re8
Rd2+ 61. Kg1 Kf3 62. Rf8+ Ke3 63. h3 Rd5 64. Kg2 Kd2 65. Re8 e3 66. Kf3 Rd4 67.
Ra8 Rf4+ 68. Kg2 Rf2+ 69. Kg3 Rf1 70. Ra2+ Kd3 71. Ra3+ Ke4 72. Ra4+ Kd5 73.
Ra5+ Kc4 74. Ra4+ Kd5 75. Ra5+ Ke4 76. Ra4+ Kf5 77. Ra5+ Kg6 78. Ra6+ Kh5 79.
Re6 Re1 80. Kf3 Rf1+ 81. Kg3 Rg1+ 82. Kf3 Re1 83. Kg3 Rg1+ 84. Kf3 e2 85. Kxe2
Rg3 86. Kf2 Rxh3 87. Kg2 Ra3 1/2-1/2

[Event "31st ECC Women 2015"]
[Site "Skopje MKD"]
[Date "2015.10.20"]
[Round "3.2"]
[Board "4"]
[White "Guseva, Marina"]
[Black "Kashlinskaya, Alina"]
[Result "1/2-1/2"]
[WhiteTitle "IM"]
[BlackTitle "IM"]
[WhiteElo "2411"]
[BlackElo "2448"]
[WhiteTeam "UGRA (RUS)"]
[BlackTeam "SHSM LEGACY SQUARE (RUS)"]
[WhiteFideId "4149351"]
[BlackFideId "4198026"]
[EventDate "2015.10.18"]

1. d4 Nf6 2. c4 e6 3. Nc3 Bb4 4. Nf3 c5 5. g3 Nc6 6. Bg2 Ne4 7. Qd3 cxd4 8. Nxd4
Nxc3 9. bxc3 Ne5 10. Qc2 Be7 11. Qa4 O-O 12. Bf4 Qc7 13. Bxe5 Qxe5 14. Rb1 Qc7
15. O-O d6 16. Nb5 Qc5 17. Rfd1 a6 18. Nd4 Qc7 19. Qb3 Bf6 20. Qb4 Rd8 21. e3 h6
22. Rb2 Bd7 23. Qxb7 Qxc4 24. Qb4 Qxb4 25. cxb4 d5 26. Bf1 Ba4 27. Rc1 Rdb8 28.
Rbb1 Rb6 29. a3 Rab8 30. Rc5 e5 31. Ne2 d4 32. exd4 exd4 33. Nf4 Rd6 34. Bd3 Bg5
35. Ne2 Re8 36. h4 Bd8 37. Rbc1 Bb5 38. Nf4 g5 39. hxg5 Bxg5 40. Bxb5 axb5 41.
Rxb5 d3 42. Rd1 Bxf4 43. gxf4 Ra8 44. Ra5 Rxa5 45. bxa5 d2 46. Kf1 h5 47. a6
Rxa6 48. Rxd2 Rxa3 49. Rd5 Ra4 50. Rxh5 Rxf4 1/2-1/2

[Event "31st ECC Women 2015"]
[Site "Skopje MKD"]
[Date "2015.10.20"]
[Round "3.3"]
[Board "1"]
[White "Socko, Monika"]
[Black "Bodnaruk, Anastasia"]
[Result "1-0"]
[WhiteTitle "GM"]
[BlackTitle "IM"]
[WhiteElo "2443"]
[BlackElo "2459"]
[WhiteTeam "ASD CIRCOLO SCACCHI R.FISCHER CHIETI (IT"]
[BlackTeam "SPB (RUS)"]
[WhiteFideId "1106619"]
[BlackFideId "4181751"]
[EventDate "2015.10.18"]

1. e4 c5 2. Nf3 d6 3. Bb5+ Bd7 4. Bxd7+ Qxd7 5. O-O Nc6 6. c3 Nf6 7. Qe2 e6 8.
d4 cxd4 9. cxd4 d5 10. e5 Ne4 11. Be3 Be7 12. Ne1 f6 13. f3 Ng5 14. Nd3 fxe5 15.
dxe5 O-O 16. Nd2 Nf7 17. f4 Nh6 18. Nf3 b6 19. Kh1 Rac8 20. Rad1 Qe8 21. h3 Qh5
22. Kg1 Qg6 23. g4 Nf5 24. Kh2 Nxe3 25. Qxe3 Qe4 26. Rfe1 Qxe3 27. Rxe3 Nb4 28.
Nxb4 Bxb4 29. Kg3 Rc4 30. Ng5 Rc6 31. Red3 g6 32. Nf3 Rc4 33. Nd4 Kf7 34. b3
Rcc8 35. f5 gxf5 36. gxf5 exf5 37. Kf4 Bc5 38. Nf3 h6 39. Rxd5 Ke6 40. Rd7 a5
41. Rh7 Rh8 42. Rxh8 Rxh8 43. Nd4+ Kf7 44. Nxf5 a4 45. Ke4 axb3 46. axb3 Ke6 47.
Nd4+ Bxd4 48. Rxd4 b5 49. Rd6+ Ke7 50. Rb6 Rg8 51. Kd5 Rg3 52. Rb7+ Kf8 53. Rxb5
Rxh3 54. Rb8+ Kg7 55. b4 h5 56. e6 Rd3+ 57. Ke5 Re3+ 58. Kf5 Rf3+ 59. Ke4 Rf1
60. b5 h4 61. b6 Re1+ 62. Kf5 h3 63. b7 Rf1+ 64. Kg4 Rb1 65. Kxh3 1-0

[Event "31st ECC Women 2015"]
[Site "Skopje MKD"]
[Date "2015.10.20"]
[Round "3.3"]
[Board "2"]
[White "Ovod, Evgenija"]
[Black "Zimina, Olga"]
[Result "1-0"]
[WhiteTitle "IM"]
[BlackTitle "IM"]
[WhiteElo "2328"]
[BlackElo "2378"]
[WhiteTeam "SPB (RUS)"]
[BlackTeam "ASD CIRCOLO SCACCHI R.FISCHER CHIETI (IT"]
[WhiteFideId "4131827"]
[BlackFideId "4132190"]
[EventDate "2015.10.18"]

1. d4 d5 2. c4 c6 3. Nf3 e6 4. Qc2 dxc4 5. Qxc4 b5 6. Qc2 Bb7 7. Nbd2 Nd7 8. Nb3
Qb6 9. Be3 Ngf6 10. Rc1 Nd5 11. Bd2 Nb4 12. Qb1 a5 13. a3 Nd5 14. Qc2 e5 15.
Nxe5 Nxe5 16. dxe5 Qc7 17. e4 Qxe5 18. Nxa5 Rxa5 19. Bxa5 Bd6 20. Be2 Nf4 21. g3
Nh3 22. Bc3 Qe6 23. Bxg7 Rg8 24. Bd4 c5 25. Bxb5+ Kd8 26. Be3 Bxe4 27. Bd3 Bxh1
28. Bf5 Qe5 29. Bxh3 Be4 30. Qd2 Rg6 31. Rxc5 Qf6 32. Bg5 1-0

[Event "31st ECC Women 2015"]
[Site "Skopje MKD"]
[Date "2015.10.20"]
[Round "3.3"]
[Board "3"]
[White "Gueci, Tea"]
[Black "Belenkaya, Dina"]
[Result "1/2-1/2"]
[WhiteTitle "WFM"]
[BlackTitle "WFM"]
[WhiteElo "2110"]
[BlackElo "2352"]
[WhiteTeam "ASD CIRCOLO SCACCHI R.FISCHER CHIETI (IT"]
[BlackTeam "SPB (RUS)"]
[WhiteFideId "872342"]
[BlackFideId "24142654"]
[EventDate "2015.10.18"]

1. e4 c6 2. d4 d5 3. e5 c5 4. dxc5 Nc6 5. Bb5 e6 6. Be3 Ne7 7. c3 Bd7 8. Bxc6
Nxc6 9. f4 g5 10. fxg5 Nxe5 11. Nf3 Bg7 12. Nxe5 Bxe5 13. Nd2 Bb5 14. Nf3 Bg7
15. Nd4 Bd7 16. O-O Qe7 17. Qh5 Rc8 18. Rae1 e5 19. Kh1 O-O 20. Bf4 f6 21. Nf3
fxg5 22. Bxg5 Qf7 23. Qh4 Bb5 24. Rg1 e4 25. Nd4 Bd3 26. Qh3 Qg6 27. Ne6 Rfe8
28. Nxg7 Qxg7 29. Re3 Rc6 30. Rg3 Rg6 31. Be3 Rxg3 32. Qxg3 Qxg3 33. hxg3 Rf8
34. Re1 Rf1+ 35. Rxf1 Bxf1 36. Kg1 Bd3 37. b4 a6 38. a4 Kf7 39. a5 h5 40. Kf2
Ke6 41. g4 hxg4 42. g3 Kf5 43. Bd4 Bc4 44. Ke3 Bb5 45. Bg7 Bc4 46. Bd4 Bb5 47.
Bg7 1/2-1/2